MARC details
| 000 -LEADER |
| campo de control de longitud fija |
04856cam a22006257a 4500 |
| 001 - NÚMERO DE CONTROL |
| campo de control |
18173427 |
| 003 - IDENTIFICADOR DE NÚMERO DE CONTROL |
| campo de control |
BJBSDDR |
| 005 - FECHA Y HORA DE LA ÚLTIMA TRANSACCIÓN |
| campo de control |
20260324132710.0 |
| 007 - CAMPO FIJO DE DESCRIPCIÓN FÍSICA--INFORMACIÓN GENERAL |
| campo de control de longitud fija |
ta |
| 008 - DATOS DE LONGITUD FIJA--INFORMACIÓN GENERAL |
| campo de control de longitud fija |
140602s2014 enkab b 001 0 eng d |
| 010 ## - NÚMERO DE CONTROL DE LA BIBLIOTECA DEL CONGRESO |
| Número de control de LC |
2014942169 |
| 015 ## - NÚMERO DE BIBLIOGRAFÍA NACIONAL |
| Número de bibliografía nacional |
GBB473843 |
| Fuente |
bnb |
| 016 7# - NÚMERO DE CONTROL DE UNA AGENCIA BIBLIOGRÁFICA NACIONAL |
| Número de control del registro |
016793969 |
| Fuente |
Uk |
| 020 ## - NÚMERO INTERNACIONAL ESTÁNDAR DEL LIBRO |
| Número Internacional Estándar del Libro |
9780198723455 (hbk.) |
| 020 ## - NÚMERO INTERNACIONAL ESTÁNDAR DEL LIBRO |
| Número Internacional Estándar del Libro |
0198723458 (hbk.) |
| 035 ## - NÚMERO DE CONTROL DEL SISTEMA |
| Número de control de sistema |
18173427 |
| 035 ## - NÚMERO DE CONTROL DEL SISTEMA |
| Número de control de sistema |
(OCoLC)884743491 |
| 040 ## - FUENTE DE CATALOGACIÓN |
| Centro catalogador/agencia de origen |
UKMGB |
| Lengua de catalogación |
eng |
| Centro/agencia transcriptor |
UKMGB |
| Centro/agencia modificador |
YDXCP |
| -- |
CDX |
| -- |
BDX |
| -- |
BTCTA |
| -- |
OKU |
| -- |
OCLCQ |
| -- |
DLC |
| 041 ## - CÓDIGO DE IDIOMA |
| Código de lengua del texto/banda sonora o título independiente |
eng |
| 042 ## - CÓDIGO DE AUTENTICACIÓN |
| Código de autenticación |
lccopycat |
| 050 14 - SIGNATURA TOPOGRÁFICA DE LA BIBLIOTECA DEL CONGRESO |
| Número de clasificación |
HF 1359 |
| Número de ítem |
T737 2014 |
| 082 00 - NÚMERO DE LA CLASIFICACIÓN DECIMAL DEWEY |
| Número de clasificación |
337 |
| 245 00 - MENCIÓN DEL TÍTULO |
| Título |
Towards a better global economy : |
| Resto del título |
policy implications for citizens worldwide in the twenty-first century / |
| Mención de responsabilidad, etc. |
Franklin Allen, Jere R. Behrman, Nancy Birdsall, Shahrokh Fardoust, Dani Rodrik, Andrew Steer, and Arvind Subramanian. |
| 246 14 - FORMA VARIANTE DEL TITULO |
| Título propio/Titulo breve |
Towards a better global economy : |
| Resto del título |
policy implications for citizens worldwide in the 21st Century |
| 250 ## - MENCION DE EDICION |
| Mención de edición |
First edition. |
| 264 #1 - PRODUCCIÓN, PUBLICACIÓN, DISTRIBUCIÓN, FABRICACIÓN Y COPYRIGHT |
| Producción, publicación, distribución, fabricación y copyright |
Oxford : |
| Nombre del de productor, editor, distribuidor, fabricante |
Oxford University Press, |
| Fecha de producción, publicación, distribución, fabricación o copyright |
2014. |
| 300 ## - DESCRIPCIÓN FÍSICA |
| Extensión |
xxx, 521 pages : |
| Otras características físicas |
illustrations, maps ; |
| Dimensiones |
25 cm. |
| 336 ## - TIPO DE CONTENIDO |
| Término de tipo de contenido |
text |
| Código de tipo de contenido |
txt |
| Fuente |
rdacontent |
| 336 ## - TIPO DE CONTENIDO |
| Término de tipo de contenido |
still image |
| Código de tipo de contenido |
sti |
| Fuente |
rdacontent |
| 337 ## - TIPO DE MEDIO |
| Nombre/término del tipo de medio |
unmediated |
| Código del tipo de medio |
n |
| Fuente |
rdamedia |
| 338 ## - TIPO DE SOPORTE |
| Nombre/término del tipo de soporte |
volume |
| Código del tipo de soporte |
nc |
| Fuente |
rdacarrier |
| 490 1# - MENCIÓN DE SERIE |
| Mención de serie |
Towards a Better Global Economy |
| 504 ## - NOTA DE BIBLIOGRAFÍA, ETC. |
| Nota de bibliografía, etc. |
Includes bibliographical references and index. |
| 505 0# - NOTA DE CONTENIDO CON FORMATO |
| Nota de contenido con formato |
Towards a better global economy project : overview and policy options / Jere R. Behrman and Shahrokh Fardoust -- The past, present, and future of economic growth / Dani Rodrik ; commentary / Kemal Derviş, Chang-Tai Hsieh, Branko Milanovic, Zia Qureshi -- Population quantity, quality, and mobility / Jere R. Behrman and Hans-Peter Kohler ; commentary / Ronald Lee -- The hyperglobalization of trade and its future / Arvind Subramanian and Martin Kessler ; commentary / Bernard Hoekman -- Does finance accelerate or retard growth? : theory and evidence / Franklin Allen, Elena Carletti, Jun "QJ" Qian, and Patricio Valenzuela ; commentary / Stijn Claessens, Thorsten Beck -- Resource depletion, climate change, and economic growth / Andrew Steer ; commentary / Jeremy Oppenheim -- Global markets, global citizens, and global governance in the twenty-first century / Nancy Birdsall, with Christian Meyer and Alexis Sowa ; commentary / Pratap Bhanu Mehta. |
| 520 ## - RESUMEN, ETC. |
| Sumario, etc. |
"This book examines the factors that are most likely to facilitate the process of beneficial economic growth in low-, middle-, and high-income countries. It examines past, present, and future economic growth; demographic changes; the hyperglobalization of trade; the effect of finance on growth; climate change and resource depletion; and the sense of global citizenship and the need for global governance in order to draw longer-term implications, identify policy options for improving the lives of average citizens around the world, and make the case for the need to confront new challenges with truly global policy responses. The book documents how demographic changes, convergence, and competition are likely to bring about massive shifts in the sectoral and geographical composition of global output and employment, as the center of gravity of the global economy moves toward Asia and emerging economies elsewhere. It shows that the legacies of the 2008-09 crisis--high unemployment levels, massive excess capacities, and high debt levels--are likely to reduce the standard of living of millions of people in many countries over a long period of adjustment and that fluctuations in international trade, financial markets, and commodity prices, as well as the tendency of institutions at both the national and international level to favor the interests of the better-off and more powerful pose substantial risks for citizens of all countries."--Publisher description |
| 650 #0 - PUNTO DE ACCESO ADICIONAL DE MATERIA--TÉRMINO DE MATERIA |
| Término de materia o nombre geográfico como elemento de entrada |
International economic relations. |
| 650 #4 - PUNTO DE ACCESO ADICIONAL DE MATERIA--TÉRMINO DE MATERIA |
| Término de materia o nombre geográfico como elemento de entrada |
Relaciones económicas internacionales |
| 9 (RLIN) |
31701 |
| 650 #0 - PUNTO DE ACCESO ADICIONAL DE MATERIA--TÉRMINO DE MATERIA |
| Término de materia o nombre geográfico como elemento de entrada |
Globalization |
| Subdivisión general |
Economic aspects. |
| 650 #4 - PUNTO DE ACCESO ADICIONAL DE MATERIA--TÉRMINO DE MATERIA |
| Término de materia o nombre geográfico como elemento de entrada |
Globalización |
| Subdivisión general |
Aspectos económicos |
| 9 (RLIN) |
2876 |
| 650 #0 - PUNTO DE ACCESO ADICIONAL DE MATERIA--TÉRMINO DE MATERIA |
| Término de materia o nombre geográfico como elemento de entrada |
Economic history |
| Subdivisión cronológica |
21st century. |
| 650 #4 - PUNTO DE ACCESO ADICIONAL DE MATERIA--TÉRMINO DE MATERIA |
| Término de materia o nombre geográfico como elemento de entrada |
Historia económica |
| Subdivisión cronológica |
Siglo XXI |
| 9 (RLIN) |
27 |
| 700 1# - ENTRADA AGREGADA--NOMBRE PERSONAL |
| Nombre de persona |
Allen, Franklin, |
| Fechas asociadas al nombre |
1956- |
| Término indicativo de función/relación |
author |
| 9 (RLIN) |
47298 |
| 700 1# - ENTRADA AGREGADA--NOMBRE PERSONAL |
| Nombre de persona |
Behrman, Jere R. |
| Forma completa/desarrollada del nombre |
(Jere Richard), |
| Fechas asociadas al nombre |
1940- |
| Término indicativo de función/relación |
author |
| 9 (RLIN) |
47299 |
| 700 1# - ENTRADA AGREGADA--NOMBRE PERSONAL |
| Nombre de persona |
Birdsall, Nancy, |
| Fechas asociadas al nombre |
1946- |
| Término indicativo de función/relación |
author |
| 9 (RLIN) |
9410 |
| 700 1# - ENTRADA AGREGADA--NOMBRE PERSONAL |
| Nombre de persona |
Fardoust, Shahrokh, |
| Fechas asociadas al nombre |
1949- |
| Término indicativo de función/relación |
author |
| 9 (RLIN) |
47300 |
| 700 1# - ENTRADA AGREGADA--NOMBRE PERSONAL |
| Nombre de persona |
Rodrik, Dani, |
| Fechas asociadas al nombre |
1957- |
| Término indicativo de función/relación |
author |
| 9 (RLIN) |
3689 |
| 700 1# - ENTRADA AGREGADA--NOMBRE PERSONAL |
| Nombre de persona |
Steer, Andrew D., |
| Fechas asociadas al nombre |
1952- |
| Término indicativo de función/relación |
author |
| 9 (RLIN) |
47301 |
| 700 1# - ENTRADA AGREGADA--NOMBRE PERSONAL |
| Nombre de persona |
Subramanian, Arvind |
| Término indicativo de función/relación |
author |
| 9 (RLIN) |
47302 |
| 830 #0 - PUNTO DE ACCESO ADICIONAL DE SERIE-TÍTULO UNIFORME |
| Título uniforme |
Towards a Better Global Economy |
| 9 (RLIN) |
47675 |
| 906 ## - ELEMENTOS DE DATOS F LOCAL, LDF (RLIN) |
| a |
7 |
| b |
cbc |
| c |
copycat |
| d |
2 |
| e |
epcn |
| f |
20 |
| g |
y-gencatlg |
| 942 ## - ELEMENTOS DE ENTRADA SECUNDARIOS (KOHA) |
| Fuente del sistema de clasificación o colocación |
Clasificación de Library of Congress |
| Tipo de ítem Koha |
Libro |
| 946 ## - PROCESAMIENTO DE INFORMACIÓN LOCAL (OCLC) |
| Iniciales del agente catalogador |
dpf |